000 00514nam a22001697a 4500
999 _c8465
_d8465
008 201125b ||||| |||| 00| 0 eng d
040 _aBMS College of Architecture
100 _aH, Rachana
245 _aHasthakale: a handicraft hub
300 _a37p.
500 _a1BM14AT074
502 _8B,Arch
_NBMS College of Architecture, Visvesvaraya Technological University (VTU)
_aProject report
_d2018
650 _aHasthakale
700 _aSachin Shetty
_eGuide
700 _aMamtha Verma
_eGuide
942 _2ddc
_cTHE